Statystyki dla 10 najbiedniejszych państw na świecie

Kliknij tutaj aby rozwiązać quiz!

Ogólne statystyki

  • Ten quiz został rozwiązany 54 razy
  • Średni wynik to 5 z 10

Statystyki odpowiedzi

pozycjapaństwo% Poprawnych
6Niger
76%
4Demokratyczna Republika Konga
65%
3Burundi
61%
9Sudan Południowy
54%
2Republika Środkowoafrykańska
46%
7Mozambik
43%
8Liberia
39%
5Malawi
39%
10Sierra Leone
39%
1Syria
37%

Rozkład punktacji

Percentyl według liczby udzielonych odpowiedzi

Procent ludzi z każdym wynikiem

Twoja historia wyników

Nie rozwiązałeś tego quizu